Viacúrovňový jednosmerný lineárny zoznam obsahujúci štruktúrované dáta v C++ programe

Viacúrovňový jednosmerný lineárny zoznam, jeho princíp a fungovanie. Zobrazenie 1-úrovňového a viacúrovňového jednosmerného lineárneho zoznamu s jednoduchými, neštruktúrovanými dátami v ich dátových prvkoch.

Salvato in:
Dettagli Bibliografici
Autore principale: Košťál, Igor, 1962-
Natura: Capitolo di libro
Lingua:slovacco
Soggetti:
Tags: Aggiungi Tag
Nessun Tag, puoi essere il primo ad aggiungerne!!

MARC

LEADER 00000nla a2200000 4500
001 0243767
005 20240502073941.6
041 0 |a slo 
044 |a SK 
245 1 0 |a Viacúrovňový jednosmerný lineárny zoznam obsahujúci štruktúrované dáta v C++ programe  |c Igor Košťál 
520 |a Viacúrovňový jednosmerný lineárny zoznam, jeho princíp a fungovanie. Zobrazenie 1-úrovňového a viacúrovňového jednosmerného lineárneho zoznamu s jednoduchými, neštruktúrovanými dátami v ich dátových prvkoch. 
610 2 0 |a zber dát 
610 2 0 |a systémy informačné 
610 2 0 |a programy počítačové 
610 2 0 |a ekonometria 
100 1 |a Košťál, Igor, 1962-